[Event "56th Rubinstein Memorial C 2020"]
[Site "Polanica Zdroj"]
[Date "2020.08.16"]
[Round "2.14"]
[White "Borowski, Przemyslaw"]
[Black "Urbaniak, Karol"]
[Result "1/2-1/2"]
[WhiteElo "1790"]
[BlackElo "1612"]
[Annotator "NA RC"]
[PlyCount "84"]
[EventDate "2020.08.15"]
[EventType "swiss"]
[EventCountry "POL"]
[SourceTitle "playchess.com"]
[Source "ChessBase"]
[SourceQuality "1"]
[TimeControl "40/5400+30:1800+30"]

1. e4 {[%emt 0:00:00]} e6 {[%emt 0:00:00]} 2. Nc3 {[%emt 0:00:03]} d5 {[%emt 0:00:00]} 3. d3 {[%emt 0:00:10]} c5 {[%emt 0:00:02]} 4. g3 {[%emt 0:00:15]} Nc6 {[%emt 0:00:36]} 5. Bg2 {[%emt 0:04:54]} Nf6 {[%emt 0:01:14]} 6. f4 {[%emt 0:00:51]} dxe4 {[%emt 0:07:32]} 7. Nxe4 {[%emt 0:00:42]} Nxe4 {[%emt 0:01:23]} 8. Bxe4 {[%emt 0:00:25]} Bd7 {[%emt 0:01:22]} 9. Ne2 {[%emt 0:02:45]} c4 {[%emt 0:16:46]} 10. d4 {[%emt 0:02:26]} Qc7 {[%emt 0:03:07]} 11. O-O {[%emt 0:02:50]} Nb4 {[%emt 0:08:42]} 12. a3 {[%emt 0:03:31]} Nd5 {[%emt 0:00:22]} 13. f5 {[%emt 0:02:33]} Bd6 {[%emt 0:03:29]} 14. fxe6 {[%emt 0:05:04]} Bxe6 {[%emt 0:01:00]} 15. Nf4 {[%emt 0:00:48]} Nxf4 {[%emt 0:01:35]} 16. Bxf4 {[%emt 0:00:27]} O-O-O {[%emt 0:09:39]} 17. c3 {[%emt 0:04:34]} h5 {[%emt 0:03:40]} 18. Bxd6 {[%emt 0:17:18]} Rxd6 {[%emt 0:02:05]} 19. Bf5 {[%emt 0:05:26]} h4 {[%emt 0:04:58]} 20. g4 {[%emt 0:02:45]} g6 {[%emt 0:05:55]} 21. Bxe6+ {[%emt 0:02:22]} Rxe6 {[%emt 0:00:25]} 22. Qf3 {[%emt 0:01:14]} f5 {[%emt 0:09:15]} 23. gxf5 {[%emt 0:04:12]} Rf6 {[%emt 0:00:09]} 24. Qg4 {[%emt 0:15:18]} Qd7 {[%emt 0:01:49]} 25. Qg5 {[%emt 0:02:52]} Qc6 {[%emt 0:06:18]} 26. Qg2 {[%emt 0:05:08]} Qd6 {[%emt 0:02:46]} 27. Qe2 {[%emt 0:04:14]} Qd5 {[%emt 0:04:32]} 28. Rae1 {[%emt 0:04:42]} gxf5 {[%emt 0:00:37]} 29. Qf3 {[%emt 0:00:44]} Rg8+ {[%emt 0:00:34]} 30. Kf2 {[%emt 0:02:11]} Qb5 {[%emt 0:01:25]} 31. Re2 {[%emt 0:00:32]} Rfg6 {[%emt 0:01:58]} 32. Ke1 {[%emt 0:00:07]} Rg1 {[%emt 0:00:59]} 33. Rxg1 {[%emt 0:01:12]} Rxg1+ {[%emt 0:00:01]} 34. Kf2 {[%emt 0:00:10]} Rb1 {[%emt 0:01:20]} 35. Kg2 {[%emt 0:04:07]} Rxb2 {[%emt 0:00:56]} 36. Rxb2 {[%emt 0:00:25]} Qxb2+ {[%emt 0:00:01]} 37. Kh3 {[%emt 0:00:07]} Qxa3 {[%emt 0:01:04]} 38. Qxf5+ {[%emt 0:00:10]} Kc7 {[%emt 0:00:47]} 39. Qf7+ {[%emt 0:00:20]} Kd8 {[%emt 0:00:30]} 40. Qxc4 {[%emt 0:00:00]} a5 {[%emt 0:00:00]} 41. d5 {[%emt 0:01:57]} Qe7 {[%emt 0:01:44]} 42. Qd4 {[%emt 0:05:23]} Kc7 {[%emt 0:07:05]} 1/2-1/2

[Event "56th Rubinstein Memorial C 2020"]
[Site "Polanica Zdroj"]
[Date "2020.08.16"]
[Round "2.15"]
[White "Lambrecht, Tomasz"]
[Black "Wolak, Julia"]
[Result "0-1"]
[WhiteElo "1750"]
[BlackElo "1516"]
[Annotator "NA RC"]
[PlyCount "113"]
[EventDate "2020.08.15"]
[EventType "swiss"]
[EventCountry "POL"]
[SourceTitle "playchess.com"]
[Source "ChessBase"]
[SourceQuality "1"]
[TimeControl "40/5400+30:1800+30"]

1. d4 {[%emt 0:00:00]} Nf6 {[%emt 0:00:00]} 2. c4 {[%emt 0:00:00]} c5 {[%emt 0:00:00]} 3. d5 {[%emt 0:00:00]} b5 {[%emt 0:00:00]} 4. cxb5 {[%emt 0:00:00]} a6 {[%emt 0:00:00]} 5. bxa6 {[%emt 0:00:01]} Bxa6 {[%emt 0:00:00]} 6. Nc3 {[%emt 0:00:20]} g6 {[%emt 0:00:51]} 7. e4 {[%emt 0:00:10]} d6 {[%emt 0:00:10]} 8. Bxa6 {[%emt 0:01:41]} Nxa6 {[%emt 0:00:57]} 9. Nf3 {[%emt 0:00:47]} Nd7 {[%emt 0:00:53]} 10. O-O {[%emt 0:00:37]} Bg7 {[%emt 0:00:04]} 11. a4 {[%emt 0:09:01]} Qa5 {[%emt 0:01:09]} 12. Bd2 {[%emt 0:17:00]} O-O {[%emt 0:00:41]} 13. Nb5 {[%emt 0:04:34]} Qb6 {[%emt 0:01:49]} 14. Bc3 {[%emt 0:11:26]} Nf6 {[%emt 0:09:41]} 15. Qe2 {[%emt 0:05:07]} Nc7 {[%emt 0:01:21]} 16. Nxc7 {[%emt 0:01:43]} Qxc7 {[%emt 0:00:05]} 17. Rfc1 {[%emt 0:01:48]} Qd7 {[%emt 0:01:31]} 18. Qc2 {[%emt 0:09:01]} Ra7 {[%emt 0:05:57]} 19. Nd2 {[%emt 0:05:28]} Rfa8 {[%emt 0:02:07]} 20. b3 {[%emt 0:00:17]} Rb8 {[%emt 0:02:30]} 21. Nc4 {[%emt 0:03:35]} Qc7 {[%emt 0:02:58]} 22. Rab1 {[%emt 0:02:56]} Bh6 {[%emt 0:03:32]} 23. Re1 {[%emt 0:05:20]} Nd7 {[%emt 0:00:10]} 24. Na3 {[%emt 0:03:26]} Rab7 {[%emt 0:02:11]} 25. Nc4 {[%emt 0:02:12]} Ra7 {[%emt 0:01:07]} 26. Ba1 {[%emt 0:02:23]} f6 {[%emt 0:05:15]} 27. Na3 {[%emt 0:05:29]} Rab7 {[%emt 0:00:35]} 28. g3 {[%emt 0:01:26]} Rb6 {[%emt 0:02:04]} 29. f4 {[%emt 0:03:18]} Bg7 {[%emt 0:00:12]} 30. Nc4 {[%emt 0:01:46]} R6b7 {[%emt 0:00:30]} 31. Bc3 {[%emt 0:00:49]} Ra8 {[%emt 0:00:47]} 32. Qd2 {[%emt 0:01:10]} Nb6 {[%emt 0:06:16]} 33. Na5 {[%emt 0:00:40]} Rba7 {[%emt 0:00:09]} 34. Nc6 {[%emt 0:00:12]} Ra6 {[%emt 0:00:07]} 35. f5 {[%emt 0:02:38]} Nc8 {[%emt 0:00:51]} 36. g4 {[%emt 0:00:59]} Kf7 {[%emt 0:01:36]} 37. Kg2 {[%emt 0:00:35]} Qb6 {[%emt 0:00:10]} 38. h4 {[%emt 0:00:00]} Qc7 {[%emt 0:00:00]} 39. h5 {[%emt 0:00:00]} g5 {[%emt 0:00:00]} 40. Rec1 {[%emt 0:00:00]} c4 {[%emt 0:00:00]} 41. Bd4 {[%emt 0:13:44]} cxb3 {[%emt 0:05:54]} 42. Ne5+ {[%emt 0:08:29]} fxe5 {[%emt 0:00:13]} 43. Rxc7 {[%emt 0:00:06]} exd4 {[%emt 0:00:42]} 44. Rxb3 {[%emt 0:01:14]} Rxa4 {[%emt 0:00:42]} 45. Qxg5 {[%emt 0:09:06]} Ra2+ {[%emt 0:01:02]} 46. Kf1 {[%emt 0:00:50]} Rh2 {[%emt 0:01:07]} 47. Rc1 {[%emt 0:01:13]} Raa2 {[%emt 0:02:44]} 48. Rg3 {[%emt 0:00:32]} d3 {[%emt 0:02:32]} 49. Qe3 {[%emt 0:00:41]} Be5 {[%emt 0:19:35]} 50. Rg1 {[%emt 0:00:37]} Rae2 {[%emt 0:00:56]} 51. Qf3 {[%emt 0:00:29]} Bd4 {[%emt 0:01:15]} 52. Rxc8 {[%emt 0:00:20]} Rhf2+ {[%emt 0:02:04]} 53. Qxf2 {[%emt 0:00:08]} Rxf2+ {[%emt 0:00:21]} 54. Ke1 {[%emt 0:00:00]} Re2+ {[%emt 0:00:43]} 55. Kf1 {[%emt 0:01:21]} Bxg1 {[%emt 0:00:05]} 56. Rc3 {[%emt 0:00:19]} Rxe4 {[%emt 0:01:45]} 57. Kxg1 0-1

[Event "56th Rubinstein Memorial C 2020"]
[Site "Polanica Zdroj"]
[Date "2020.08.16"]
[Round "2.16"]
[White "Smukowski, Bartosz"]
[Black "Vanduyfhuys, Igor"]
[Result "1/2-1/2"]
[WhiteElo "1611"]
[BlackElo "1776"]
[Annotator "NA"]
[PlyCount "77"]
[EventDate "2020.08.15"]
[EventType "swiss"]
[EventCountry "POL"]
[SourceTitle "playchess.com"]
[Source "ChessBase"]
[SourceQuality "1"]
[TimeControl "40/5400+30:1800+30"]

1. e4 e5 2. Nf3 Nc6 3. Bc4 Nf6 4. Ng5 Qe7 5. Nxf7 Rg8 6. Ng5 Rh8 7. Bf7+ Kd8 8. Bb3 Ne8 9. Nf7+ Qxf7 10. Bxf7 Nf6 11. Nc3 Bb4 12. a3 Bxc3 13. dxc3 Nxe4 14. Qd3 Rf8 15. Qxe4 Rxf7 16. Bg5+ Ne7 17. O-O-O h6 18. Bxe7+ Rxe7 19. Rhe1 d6 20. Qf3 Be6 21. Rxe5 Ke8 22. Re3 g6 23. Qf6 Kd7 24. Rde1 Rae8 25. f4 a6 26. g4 d5 27. f5 gxf5 28. gxf5 d4 29. cxd4 b5 30. fxe6+ Kd8 31. d5 h5 32. h4 Kc8 33. Rc3 Kb8 34. Rd3 Kc8 35. d6 cxd6 36. Rxd6 Kc7 37. Rd3 a5 38. Rc3+ Kd6 39. Rd1# 1/2-1/2

[Event "56th Rubinstein Memorial C 2020"]
[Site "Polanica Zdroj"]
[Date "2020.08.17"]
[Round "3.1"]
[White "Adamczewski, Maciej"]
[Black "Rudecki, Bartosz"]
[Result "1/2-1/2"]
[WhiteElo "2045"]
[BlackElo "1831"]
[Annotator "ChessBase"]
[PlyCount "28"]
[EventDate "2020.08.15"]
[EventType "swiss"]
[EventCountry "POL"]
[SourceTitle "playchess.com"]
[Source "ChessBase"]
[SourceQuality "1"]
[TimeControl "40/5400+30:1800+30"]

1. e4 {[%emt 0:06:51]} d6 {[%emt 0:00:00]} 2. Nc3 {[%emt 0:00:32]} g6 {[%emt 0:00:15]} 3. d4 {[%emt 0:00:39]} Bg7 {[%emt 0:00:28]} 4. f4 {[%emt 0:00:15]} Nf6 {[%emt 0:01:15]} 5. Nf3 {[%emt 0:00:15]} c5 {[%emt 0:03:39]} 6. e5 {[%emt 0:05:36]} Ng4 {[%emt 0:01:49]} 7. Bb5+ {[%emt 0:03:01]} Bd7 {[%emt 0:02:29]} 8. e6 {[%emt 0:02:26]} fxe6 {[%emt 0:06:30]} 9. Ng5 {[%emt 0:00:08]} Bxb5 {[%emt 0:01:51]} 10. Nxe6 {[%emt 0:02:17]} Bxd4 {[%emt 0:00:47]} 11. Nxd8 {[%emt 0:01:11]} Bf2+ {[%emt 0:00:09]} 12. Kd2 {[%emt 0:00:12]} Be3+ {[%emt 0:01:18]} 13. Ke1 {[%emt 0:00:09]} Bf2+ {[%emt 0:00:02]} 14. Kd2 {[%emt 0:00:14]} Be3+ {[%emt 0:00:02]} 1/2-1/2

[Event "56th Rubinstein Memorial C 2020"]
[Site "Polanica Zdroj"]
[Date "2020.08.17"]
[Round "3.2"]
[White "Lewandrowski, Tomasz"]
[Black "Budnik, Mateusz"]
[Result "1/2-1/2"]
[WhiteElo "1879"]
[BlackElo "2033"]
[Annotator "TA"]
[PlyCount "182"]
[EventDate "2020.08.15"]
[EventType "swiss"]
[EventCountry "POL"]
[SourceTitle "playchess.com"]
[Source "ChessBase"]
[SourceQuality "1"]

{[%evp 11,182,-10,16,-18,-10,-42,0,-20,20,0,8,-2,36,36,52,9,139,108,199,194,196,195,205,160,200,131,128,140,129,139,126,141,137,135,129,135,295,214,227,232,247,232,257,280,270,257,257,255,267,230,227,207,212,183,186,148,148,0,148,148,148,148,152,151,154,150,154,153,126,144,205,0,0,0,0,0,0,0,0,0,0,0,0,0,0,0,0,0,0,0,0,0,0,0,0,0,0,0,0,0,0,0,0,0,0,-8,0,-7,-3,-23,-6,-6,-6,-6,-8,-23,0,-88,-85,-85,-98,-80,-79,-83,-78,-68,-68,-70,-64,-58,-58,-191,-39,-49,0,-204,-194,-198,-205,-205,-200,-184,-119,-120,0,-163,-158,-184,-173,-160,-97,-99,-114,-116,-151,-300,-300,-300,-300,-300,0,-241,-50,-54,-63,-1759,-1657,-12838,-2599,-1324,0,0,0]} 1. e4 e6 2. d4 d5 3. exd5 exd5 4. Bd3 Bd6 5. Nc3 {[%cal Bb1c3,Bc3e2,Be2f4,Bf4h5][%mdl 32]} c6 6. Nge2 Qc7 7. Be3 {C01: French: Exchange Variation.} Ne7 8. Ng3 Nd7 {[#]} 9. Qd2 $146 ({Predecessor:} 9. Qg4 O-O 10. Nh5 Ng6 11. Qf3 Nb6 12. O-O-O Nc4 13. Bxc4 dxc4 14. Ne4 f5 15. Nxd6 Qxd6 {0-1 (50) Esonboeva,G (1959)-Nadirjanova,N (2104) Tashkent 2007}) 9... O-O 10. Nce2 Re8 11. O-O-O Nf8 12. Kb1 Bd7 13. Nf4 Nfg6 (13... Ne6 $11 14. Nfh5 Rf8) 14. Nfh5 $1 $16 f5 {[#]} (14... Nc8 $16 {was necessary.}) 15. Bh6 $1 $18 {[%mdl 512]} f4 (15... gxh6 16. Qxh6) 16. Bxg7 Rf8 (16... fxg3 $2 17. hxg3 Nf5 18. Qg5 $18) 17. Bxf8 Rxf8 18. Nf1 Bg4 19. Be2 f3 20. Bxf3 Rxf3 21. gxf3 Bxh5 22. Rg1 {Threatens to win with Qg5.} Bxf3 23. Re1 Be4 $2 (23... Nf5 $16 {was called for.}) 24. Ng3 Bf4 25. Qc3 Bxg3 26. hxg3 (26. Rxg3 $6 Nf5 $16) (26. Qxg3 $6 Qxg3 27. hxg3 (27. Rxg3 Nf5 $16) 27... Nf5 $16) 26... Nc8 27. f3 Bf5 28. g4 Bd7 29. Rh1 Nd6 30. Qe3 Nf7 31. Re2 Qd6 32. Reh2 h6 33. Re2 Nf4 34. Reh2 (34. Rf2 $16) 34... Kg7 (34... Ng6 $1 $11) 35. a3 b6 36. Qe1 c5 37. dxc5 bxc5 38. b4 d4 39. bxc5 $1 Qxc5 40. Qb4 Qd5 (40... Qxb4+ $16 41. axb4 a6) 41. g5 $2 (41. Rd1 $18 Ne6 42. Rh5) 41... hxg5 $11 42. Rh7+ Kg6 43. Qf8 Be6 44. R1h6+ Kf5 {[#]} 45. Rxe6 $1 {[%cal Rf8f7][%mdl 512]} Qb5+ $1 ({Don't blunder} 45... Qb7+ $2 46. Rb6 $18) (45... Qxe6 46. Rxf7+) 46. Ka1 {[%cal Rf8f7]} Qf1+ 47. Re1 Qxe1+ 48. Ka2 Qe6+ 49. Kb2 Kf6 50. Qg7+ Ke7 $1 {White must now prevent ...Qf5.} 51. Qxg5+ {[%mdl 64] Double Attack} Qf6 52. Qc5+ {[%mdl 64] Double Attack} Ke6 53. Ka2 a6 54. Kb1 Nd6 55. Qa7 Nd5 56. Qd7+ Ke5 57. Rh5+ Nf5 58. Qe8+ Nde7 59. Qa8 Qb6+ 60. Ka1 Qd6 61. Qe4+ Kf6 62. Kb2 Qb6+ 63. Ka1 Qe6 64. Qf4 (64. Rh8 $11 {keeps the balance.} Qxe4 65. fxe4) 64... Qe3 $36 {[%mdl 2048] Black is really pushing.} 65. Qe4 Qxa3+ 66. Kb1 Qb4+ 67. Kc1 a5 68. f4 Qa3+ 69. Kb1 Qe3 70. Qa8 Qe1+ 71. Ka2 (71. Kb2 $1 $15) 71... Qe6+ $2 (71... Qe2 $19 72. Qh8+ Ke6) 72. Ka1 $15 Qe1+ $2 (72... Qd5 $15 73. Qa6+ (73. Qh8+ Ke6 $17) 73... Kg7) 73. Ka2 $19 {intending Qf8+.} Qe2 74. Qh8+ Ke6 75. Rh2 Qc4+ 76. Ka1 Qc3+ ({Black should play} 76... Qf1+ $19 77. Ka2 Qxf4) 77. Ka2 $17 Qc4+ 78. Ka1 $1 Qa4+ 79. Kb2 Qb5+ 80. Ka2 a4 {[#]} (80... Nc6 $142 81. Qg8+ Kd6 82. Qg6+ Kc7 83. Qf7+ Kb6) 81. Qe5+ $1 {[%mdl 512]} Qxe5 82. fxe5 Nd5 $1 83. Ka3 (83. c4 $17) 83... Nc3 $19 ({Less strong is} 83... Kxe5 84. Kxa4 Nd6 85. c4 $1 $15 {[%mdl 512]}) 84. Kb4 Kxe5 85. Rh8 Ne3 $2 (85... Ke4 $19 {Strongly threatening ...Ke3.} 86. Re8+ Kf3) 86. Rh5+ $2 (86. Kc5 $1 $11) 86... Ke6 $2 (86... Kf6 $19 {...Ke6 is the strong threat.} 87. Rh6+ Kf5) 87. Rh6+ $15 Kf5 88. Rh5+ $2 {[%mdl 8192] [#]} (88. Kc5 $15) 88... Kg4 $1 $19 89. Ra5 Nxc2+ (89... Kf4 $142 90. Rh5 Nxc2+ 91. Kc4 Ke3 92. Rh3+ Kd2 93. Rd3+ Ke2) 90. Kc4 {[#]} Kf4 $2 ({Black should try} 90... Nd1 $1 $19 {aiming for ...Nb2+.} 91. Kd3 Nb4+ 92. Kc4 Nc6) 91. Kd3 $11 Na1 {What a bad dream for Black. Accuracy: White = 72%, Black = 69%.} 1/2-1/2

[Event "56th Rubinstein Memorial C 2020"]
[Site "Polanica Zdroj"]
[Date "2020.08.17"]
[Round "3.3"]
[White "Witkowski, Krzysztof"]
[Black "Kozlowski, Pawel"]
[Result "0-1"]
[WhiteElo "1791"]
[BlackElo "1913"]
[Annotator "TA"]
[PlyCount "100"]
[EventDate "2020.08.15"]
[EventType "swiss"]
[EventCountry "POL"]
[SourceTitle "playchess.com"]
[Source "ChessBase"]
[SourceQuality "1"]

{[%evp 9,100,14,60,59,70,80,71,85,79,42,37,49,52,35,73,39,85,-32,-6,-52,-57,-47,133,128,143,144,138,135,281,152,185,94,75,76,115,0,0,0,0,0,16,10,8,0,0,0,0,0,0,-62,-62,-62,-62,-62,-62,-70,-81,-85,-62,-90,-68,-68,-68,-74,-66,-79,-70,-93,-100,-112,-118,-101,-89,-117,-91,-209,-207,-302,-8,-16,-11,-11,-11,-27,-10,-10,-11,-25,0,0,0,-29991,-29992]} 1. e4 e6 2. d4 d5 3. Nc3 Bb4 4. a3 Bxc3+ 5. bxc3 Qd7 {[#]} 6. Qg4 $146 {C15: French: 3 Nc3 Bb4: Unusual White 4th moves.} ({Predecessor:} 6. exd5 exd5 7. c4 Qe6+ 8. Be3 dxc4 9. d5 Qg6 10. Nf3 Nf6 11. Bxc4 O-O 12. O-O Bh3 13. Ne1 Nbd7 14. Bd3 Bf5 15. Qf3 {½-½ (15) Grimm,D (1879)-Mayer,I (2079) Budapest 2010}) 6... f5 7. exf5 exf5 8. Qh5+ {White is better.} g6 9. Qg5 Qe6+ 10. Be2 Nf6 11. f3 O-O 12. Bd2 c5 {[#]} 13. h4 (13. Nh3 $1 $16) 13... Nh5 $1 $15 {Black wants to play ...cxd4.} 14. Kd1 f4 15. Nh3 {[%cal Rh3f4]} Qd6 $2 (15... Qf7 $15 {stays ahead.}) 16. dxc5 $16 Qxc5 17. Nxf4 Nxf4 18. Bxf4 Bf5 (18... Nc6 $16) 19. Bd2 (19. g4 $18) 19... d4 {next ...Nc6 is good for Black.} 20. c4 ({Better is} 20. h5 $18 Nc6 21. hxg6 dxc3 22. Qh5 Bxc2+ {[%mdl 64] Decoy} 23. Kxc2 Nd4+ 24. Kd1 Qxh5 25. Rxh5 cxd2 26. Bc4+ (26. gxh7+ Kh8 $16) (26. Rxh7 Rac8 $16) 26... Kg7 27. Rxh7+ Kxg6 28. Rxb7) 20... Nc6 21. Bd3 ({But not} 21. g4 d3 $11) 21... Qb6 {[#] Threatens to win with ...Bxd3.} 22. Bb4 (22. c5 $1 $16 Qb2 23. Bc4+ Kh8 24. Rc1) 22... Nxb4 $11 23. axb4 Qxb4 {aiming for ...Bxd3.} 24. Qd2 Qb2 25. Qc1 Qb6 26. Rb1 Qc6 27. Qb2 b6 28. Qb5 Qd6 29. Qd5+ (29. Re1 $11) 29... Qxd5 $15 30. cxd5 Bxd3 31. cxd3 {[%mdl 4096] Endgame KRR-KRR} Rad8 32. Rb5 Rf5 33. Re1 Kf7 34. Rb2 Rdxd5 35. Re4 Rd7 36. Rb4 Rfd5 37. Rc4 b5 38. Rf4+ Kg7 39. Rc8 a5 {[%cal Ba7a5,Ba5a4][%mdl 32]} 40. Kc2 a4 41. Kb2 Rb7 42. g4 (42. Re4 $17) 42... b4 $19 43. g5 (43. Rc1 $142) 43... b3 $2 (43... Ra5 $19 44. Rc1 a3+ 45. Kb3 a2) 44. Rff8 Rdd7 45. Rg8+ Kf7 46. Rgf8+ Ke6 {Strongly threatening ...a3+!} 47. Rf6+ Kd5 {White must now prevent ...a3+!} 48. Ra8 {Threatening mate with Ra5+.} Rb5 49. Rxa4 Re7 {( -> ...Re2+)} 50. Rc4 $2 {[%mdl 8192]} (50. Rf4 $11) 50... Re2+ {Both players deserved the win here. Accuracy: White = 60%, Black = 68%.} 0-1

[Event "56th Rubinstein Memorial C 2020"]
[Site "Polanica Zdroj"]
[Date "2020.08.17"]
[Round "3.4"]
[White "Raczek, Krzysztof"]
[Black "Mazalon, Mariusz"]
[Result "1/2-1/2"]
[WhiteElo "1712"]
[BlackElo "1980"]
[Annotator "ChessBase"]
[PlyCount "66"]
[EventDate "2020.08.15"]
[EventType "swiss"]
[EventCountry "POL"]
[SourceTitle "playchess.com"]
[Source "ChessBase"]
[SourceQuality "1"]
[TimeControl "40/5400+30:1800+30"]

1. e4 {[%emt 0:00:00]} c6 {[%emt 0:00:45]} 2. d4 {[%emt 0:00:11]} d5 {[%emt 0:00:23]} 3. exd5 {[%emt 0:00:58]} cxd5 {[%emt 0:00:16]} 4. Bd3 {[%emt 0:01:07]} Nc6 {[%emt 0:01:57]} 5. c3 {[%emt 0:00:09]} Nf6 {[%emt 0:04:46]} 6. h3 {[%emt 0:00:10]} g6 {[%emt 0:00:25]} 7. Nf3 {[%emt 0:00:15]} Bf5 {[%emt 0:00:27]} 8. Be2 {[%emt 0:02:14]} Bg7 {[%emt 0:00:39]} 9. Bf4 {[%emt 0:02:31]} h6 {[%emt 0:05:34]} 10. O-O {[%emt 0:00:50]} g5 {[%emt 0:04:24]} 11. Bh2 {[%emt 0:00:41]} e6 {[%emt 0:00:08]} 12. Re1 {[%emt 0:01:03]} Ne4 {[%emt 0:00:37]} 13. Nfd2 {[%emt 0:04:18]} Nd6 {[%emt 0:10:38]} 14. Nf1 {[%emt 0:03:36]} Qd7 {[%emt 0:07:38]} 15. Ne3 {[%emt 0:02:30]} Bh7 {[%emt 0:06:31]} 16. Nd2 {[%emt 0:03:57]} O-O {[%emt 0:06:00]} 17. Nb3 {[%emt 0:00:42]} b6 {[%emt 0:01:08]} 18. Ng4 {[%emt 0:04:44]} f6 {[%emt 0:09:25]} 19. Bd3 {[%emt 0:06:44]} Bxd3 {[%emt 0:18:32]} 20. Qxd3 {[%emt 0:01:25]} h5 {[%emt 0:00:59]} 21. Ne3 {[%emt 0:00:54]} f5 {[%emt 0:00:14]} 22. Nc2 {[%emt 0:01:36]} Rae8 {[%emt 0:05:34]} 23. Nd2 {[%emt 0:03:54]} Ne4 {[%emt 0:03:01]} 24. f3 {[%emt 0:02:12]} Nxd2 {[%emt 0:02:20]} 25. Qxd2 {[%emt 0:03:21]} f4 {[%emt 0:00:08]} 26. Qd3 {[%emt 0:00:56]} Qf7 {[%emt 0:01:02]} 27. Qb5 {[%emt 0:01:10]} Ne7 {[%emt 0:00:50]} 28. Qd7 {[%emt 0:00:45]} Nf5 {[%emt 0:00:17]} 29. Qxf7+ {[%emt 0:00:13]} Kxf7 {[%emt 0:00:03]} 30. Nb4 {[%emt 0:02:37]} Rc8 {[%emt 0:01:50]} 31. Nd3 {[%emt 0:03:12]} a5 {[%emt 0:00:13]} 32. a4 {[%emt 0:02:14]} Rc4 {[%emt 0:01:01]} 33. Re2 {[%emt 0:03:14]} Rb8 1/2-1/2

[Event "56th Rubinstein Memorial C 2020"]
[Site "Polanica Zdroj"]
[Date "2020.08.17"]
[Round "3.5"]
[White "Wolak, Julia"]
[Black "Janzer, Hubert"]
[Result "1/2-1/2"]
[WhiteElo "1516"]
[BlackElo "1893"]
[Annotator "NA RC"]
[PlyCount "95"]
[EventDate "2020.08.15"]
[EventType "swiss"]
[EventCountry "POL"]
[SourceTitle "playchess.com"]
[Source "ChessBase"]
[SourceQuality "1"]
[TimeControl "40/5400+30:1800+30"]

1. e4 {[%emt 0:01:45]} e6 {[%emt 0:00:00]} 2. d3 {[%emt 0:00:04]} d5 {[%emt 0:00:00]} 3. Nd2 {[%emt 0:00:11]} c5 {[%emt 0:00:22]} 4. Ngf3 {[%emt 0:00:20]} Nc6 {[%emt 0:00:47]} 5. g3 {[%emt 0:00:23]} g6 {[%emt 0:00:05]} 6. Bg2 {[%emt 0:00:16]} Bg7 {[%emt 0:00:06]} 7. O-O {[%emt 0:00:20]} Nge7 {[%emt 0:00:12]} 8. Re1 {[%emt 0:00:29]} Qc7 {[%emt 0:01:28] [#]} 9. h3 $146 {[%emt 0:02:00] A08: King's Indian Attack.} ({Predecessor:} 9. h4 h6 10. Nf1 dxe4 11. dxe4 O-O 12. c3 b6 13. Ne3 Ba6 14. Bf1 Bxf1 15. Nxf1 c4 16. Qe2 b5 {1-0 (34) Brankovic,D (2300)-Kotsur,P (2517) chess.com INT 2020}) 9... b6 {[%emt 0:00:52]} 10. Nf1 {[%emt 0:03:38]} a5 {[%emt 0:05:18]} 11. N1h2 {[%emt 0:00:50]} Ra7 {[%emt 0:01:55]} 12. Bf4 {[%emt 0:07:55]} e5 {[%emt 0:07:05]} 13. Bg5 {[%emt 0:04:33]} dxe4 {[%emt 0:01:55]} 14. dxe4 {[%emt 0:00:29]} O-O {[%emt 0:00:33]} 15. c3 {[%emt 0:02:50]} h6 {[%emt 0:01:47]} (15... f6 $5 {[%cal Rf6g5]} 16. Qb3+ Kh8 $15) 16. Be3 {[%emt 0:00:45]} Be6 {[%emt 0:03:38]} 17. Ng4 {[%emt 0:04:31]} Rd8 {[%emt 0:05:32]} 18. Qc1 {[%emt 0:02:08]} Bxg4 {[%emt 0:02:40]} 19. hxg4 {[%emt 0:00:08]} Kh7 {[%emt 0:01:14]} 20. Kh2 {[%emt 0:04:40]} Ng8 {[%emt 0:05:05]} 21. g5 {[%emt 0:04:06]} h5 {[%emt 0:05:19]} 22. Rh1 {[%emt 0:01:28]} Nge7 {[%emt 0:00:30]} 23. Bh3 {[%emt 0:04:43]} Nc8 {[%emt 0:03:03]} 24. g4 {[%emt 0:00:48]} hxg4 {[%emt 0:01:02]} 25. Bxg4 {[%emt 0:00:08]} Kg8 {[%emt 0:04:04]} 26. Qf1 {[%emt 0:02:37]} Nd6 {[%emt 0:03:44]} 27. Nd2 {[%emt 0:00:47]} Qe7 {[%emt 0:01:09]} 28. Qh3 {[%emt 0:02:31]} a4 {[%emt 0:01:48]} 29. Kg2 {[%emt 0:03:10]} a3 $18 {[%emt 0:11:53]} (29... Nd4 $11 {and Black is okay.}) 30. b3 {[%emt 0:02:01]} Nb5 {[%emt 0:01:29]} 31. Rh2 {[%emt 0:06:13]} Qb7 {[%emt 0:03:58]} 32. Rah1 {[%emt 0:04:56]} Kf8 {[%emt 0:00:25]} 33. Be6 {[%emt 0:11:37]} Ne7 {[%emt 0:08:28]} 34. Qf3 {[%emt 0:03:34]} Ng8 {[%emt 0:04:40]} 35. Rh6 {[%emt 0:07:10]} Nd4 {[%emt 0:01:48]} 36. Bxd4 {[%emt 0:01:09]} exd4 {[%emt 0:03:10]} 37. Bd5 {[%emt 0:02:07]} Rxd5 {[%emt 0:02:29]} 38. exd5 {[%emt 0:00:34]} dxc3 {[%emt 0:01:22]} 39. Nc4 {[%emt 0:01:24]} Nxh6 {[%emt 0:00:56]} 40. gxh6 {[%emt 0:00:00]} Bh8 {[%emt 0:00:00]} 41. h7 {[%emt 0:03:14]} b5 {[%emt 0:02:37]} 42. Ne5 {[%emt 0:01:29]} Bxe5 {[%emt 0:00:54]} 43. h8=Q+ {[%emt 0:00:12]} Bxh8 {[%emt 0:00:09]} 44. Rxh8+ {[%emt 0:00:06]} Kg7 {[%emt 0:00:30]} 45. Qxc3+ {[%emt 0:00:41]} f6 {[%emt 0:00:09]} 46. Qh3 {[%emt 0:01:14]} Qxd5+ {[%emt 0:00:18]} 47. Kg1 {[%emt 0:01:59]} Qd1+ {[%emt 0:00:44]} 48. Kg2 {[%emt 0:01:15]} 1/2-1/2